[Event "British Chess Championships 2023: U12 Championship"]
[Site "The Venue, De Montfort University, 20 Western Boulevard, Leicester, LE2 7BU"]
[Date "2023.07.28"]
[Round "5"]
[Board "30"]
[White "Murthy, Arush Ajai"]
[Black "Walsh, Isabella"]
[Result "1-0"]
[WhiteElo "1178"]
[BlackElo "738"]
[PlyCount "81"]
[EventDate "2023.07.25"]
[EventRounds "7"]
[EventCountry "ENG"]

1. d4 d5 2. c4 dxc4 3. e3 e5 4. Bxc4 exd4 5. exd4 Bb4+ 6. Nc3 Qe7+ 7. Be3 Nf6 8.
h3 Ne4 9. Qb3 Bxc3+ 10. bxc3 Be6 11. Bxe6 Qxe6 12. Qxb7 Nxc3 13. Qxa8 O-O 14. Qxa7
Qe4 15. Nf3 Nc6 16. Qa3 Qd3 17. Qb2 Nb4 18. Rc1 Nbxa2 19. Rxc3 Nxc3 20. Qd2 Qb1+
21. Qc1 Qb4 22. Ng1 Na2+ 23. Qd2 Qc4 24. Ne2 Re8 25. O-O Re6 26. Rb1 h6 27. Rb2 Rg6
28. Rxa2 Qc6 29. Ng3 h5 30. Qe2 h4 31. Bf4 hxg3 32. Bxg3 Qc1+ 33. Kh2 c5 34. dxc5
Qxc5 35. Qe8+ Kh7 36. Ra8 Kh6 37. Bf4+ Kh5 38. Qh8+ Rh6 39. Bxh6 gxh6 40. Qg7 Qxf2
41. Qg4#  1-0

[Event "British Chess Championships 2023: U12 Championship"]
[Site "The Venue, De Montfort University, 20 Western Boulevard, Leicester, LE2 7BU"]
[Date "2023.07.28"]
[Round "5"]
[Board "31"]
[White "Sandhu, Rohan"]
[Black "Hilmi, Sofia"]
[Result "1/2-1/2"]
[WhiteElo "926"]
[BlackElo "1128"]
[PlyCount "57"]
[EventDate "2023.07.25"]
[EventRounds "7"]
[EventCountry "ENG"]

1. d4 d5 2. Bf4 Nc6 3. e3 a6 4. c4 Nf6 5. Nc3 Bf5 6. Nf3 e6 7. Be2 Bb4 8. a3 Bxc3+
9. bxc3 h6 10. cxd5 Nxd5 11. Rc1 Nxf4 12. exf4 Qd6 13. Qb3 Qxf4 14. O-O b5 15. a4
Rb8 16. axb5 O-O 17. d5 Ne5 18. Nxe5 Qxe5 19. Rfe1 Qd6 20. dxe6 Bxe6 21. Qa4 axb5
22. Bxb5 Ra8 23. Qe4 Rfb8 24. c4 Qc5 25. Qc6 Qxc6 26. Bxc6 Ra2 27. Bd5 Bxd5 28. cxd5
Rb7 29. h3  1/2-1/2

[Event "British Chess Championships 2023: U12 Championship"]
[Site "The Venue, De Montfort University, 20 Western Boulevard, Leicester, LE2 7BU"]
[Date "2023.07.28"]
[Round "5"]
[Board "32"]
[White "Burgess, Rose"]
[Black "Gullapelly, Kshetragna"]
[Result "1-0"]
[WhiteElo "1074"]
[BlackElo "543"]
[PlyCount "73"]
[EventDate "2023.07.25"]
[EventRounds "7"]
[EventCountry "ENG"]

1. e4 Nc6 2. Nf3 e5 3. Bc4 Bc5 4. d3 Nf6 5. Nc3 d6 6. h3 O-O 7. O-O Qe7 8. Bg5 h6
9. Bh4 Be6 10. Nd5 Bxd5 11. Bxd5 Nxd5 12. Bxe7 Ndxe7 13. c3 Rad8 14. d4 exd4 15.
cxd4 Bb6 16. d5 Ne5 17. Kh1 Nc4 18. Qc2 Ne5 19. Nxe5 dxe5 20. f4 exf4 21. Rxf4 Ng6
22. Rg4 Ne5 23. Rg3 c6 24. Qc3 Rfe8 25. Qd2 Bc7 26. Qxh6 Kf8 27. Qxg7+ Ke7 28. Qg5+
f6 29. Qg7+ Kd6 30. Qxf6+ Kc5 31. Rc1+ Kb6 32. Rb3+ Ka6 33. Qf1+ Ka5 34. Rc5+ b5
35. Rcxb5+ Ka6 36. Rb7+ Ka5 37. Rxa7#  1-0

[Event "British Chess Championships 2023: U12 Championship"]
[Site "The Venue, De Montfort University, 20 Western Boulevard, Leicester, LE2 7BU"]
[Date "2023.07.28"]
[Round "5"]
[Board "33"]
[White "Pannu, Aaron"]
[Black "Czarnuch, Dominic"]
[Result "0-1"]
[WhiteElo "1166"]
[BlackElo "1209"]
[PlyCount "138"]
[EventDate "2023.07.25"]
[EventRounds "7"]
[EventCountry "ENG"]

1. e4 e6 2. d4 d5 3. exd5 exd5 4. c4 c6 5. Nc3 Nf6 6. Nf3 Bb4 7. Bd3 O-O 8. Be3 Bg4
9. Qb3 Qe7 10. Ne5 Nbd7 11. Nxd7 Bxd7 12. O-O Be6 13. Bg5 Bxc3 14. bxc3 b6 15. Rfe1
Qd8 16. Rad1 h6 17. Bxf6 Qxf6 18. cxd5 cxd5 19. c4 Rad8 20. c5 Rb8 21. c6 Rbc8 22.
Qc2 Rc7 23. Bb5 Rfc8 24. Qa4 Qg6 25. Re3 Qh5 26. Rde1 Qg4 27. Rg3 Qf4 28. Rf3 Qd6
29. Rc3 g5 30. f3 Rf8 31. Rce3 Bc8 32. h3 a6 33. Bxa6 Ra7 34. Qc2 Bxa6 35. Qf5 Bc8
36. Qe5 Qxe5 37. Rxe5 Be6 38. Rc1 Rc7 39. Re3 Rfc8 40. Rec3 Kf8 41. a4 Ke7 42. Rb1
Rxc6 43. Rcb3 Rc1+ 44. Rxc1 Rxc1+ 45. Kh2 Ra1 46. Rxb6 Rxa4 47. Rb7+ Kf6 48. Kg3
Rxd4 49. Rb6 Rc4 50. Kf2 h5 51. Ke2 Ke5 52. Rb5 Kf4 53. Kf2 Rc2+ 54. Kg1 Kg3 55.
Kf1 Rxg2 56. Rb3 Ra2 57. f4+ Kxf4 58. Rb4+ Ke5 59. Rb3 d4 60. Rb5+ Kf4 61. Rb4 Ke3
62. Rb1 Bxh3+ 63. Kg1 d3 64. Re1+ Re2 65. Rxe2+ dxe2 66. Kh2 e1=Q 67. Kxh3 Kf3 68.
Kh2 Qg3+ 69. Kh1 Qg2#  0-1

[Event "British Chess Championships 2023: U12 Championship"]
[Site "The Venue, De Montfort University, 20 Western Boulevard, Leicester, LE2 7BU"]
[Date "2023.07.28"]
[Round "5"]
[Board "34"]
[White "Sun, Bobby"]
[Black "Ho, Magus"]
[Result "0-1"]
[WhiteElo "853"]
[BlackElo "1071"]
[PlyCount "74"]
[EventDate "2023.07.25"]
[EventRounds "7"]
[EventCountry "ENG"]

1. e4 e5 2. Nf3 Nc6 3. Nc3 Nf6 4. Bc4 Nxe4 5. Nxe4 d5 6. Bxd5 Qxd5 7. Nc3 Qd8 8.
O-O Bg4 9. Re1 Be7 10. h4 f5 11. Nd5 e4 12. d3 exf3 13. Bg5 Qxd5 14. c4 Qd4 15. Be3
Qd6 16. c5 Qd8 17. Qb3 Na5 18. Qa4+ Nc6 19. Qb5 fxg2 20. Rad1 Bxd1 21. Rxd1 Bxh4
22. Re1 O-O 23. Qxb7 Qf6 24. Bf4 Qd4 25. Be3 Qf6 26. Bf4 Rae8 27. Rxe8 Rxe8 28. Qxc7
Qxb2 29. Kxg2 g5 30. Bg3 Qf6 31. Qd7 Qe6 32. Qc7 f4 33. Bh2 Qg4+ 34. Kf1 Qe2+ 35.
Kg1 Qxf2+ 36. Kh1 Re1+ 37. Bg1 Qxg1#  0-1

[Event "British Chess Championships 2023: U12 Championship"]
[Site "The Venue, De Montfort University, 20 Western Boulevard, Leicester, LE2 7BU"]
[Date "2023.07.28"]
[Round "6"]
[Board "1"]
[White "Dairi, Ramsey"]
[Black "Steiners, Emils"]
[Result "0-1"]
[WhiteElo "1592"]
[BlackElo "1725"]
[PlyCount "0"]
[EventDate "2023.07.25"]
[EventRounds "7"]
[EventCountry "ENG"]

1. e4 e6 2. d4 d5 3. Nc3 Bb4 4. e5 c5 5. a3 Bxc3+ 6. bxc3 Ne7 7. Qg4 Qc7 8. Qxg7
Rg8 9. Qxh7 cxd4 10. Ne2 Nbc6 11. Qd3 Nxe5 12. Qxd4 Nf5 13. Qb4 a5 14. Qb3 Nc4 15.
Ng3 Ra6 16. Nxf5 exf5 17. Qb5+ Bd7 18. Qxd5 Re6+ 19. Be2 Ne3 20. Qd2 Nxg2+ 21. Kf1
Bc6 22. Rg1 Qxh2 23. f4 Rg3 24. Bb2 Ne3+  0-1

[Event "British Chess Championships 2023: U12 Championship"]
[Site "The Venue, De Montfort University, 20 Western Boulevard, Leicester, LE2 7BU"]
[Date "2023.07.28"]
[Round "6"]
[Board "2"]
[White "Soulier, Alfred"]
[Black "Lebedev, Lion"]
[Result "1-0"]
[WhiteElo "1757"]
[BlackElo "1719"]
[PlyCount "0"]
[EventDate "2023.07.25"]
[EventRounds "7"]
[EventCountry "ENG"]

1. d4 d5 2. c4 c6 3. Nf3 Nf6 4. Nc3 dxc4 5. a4 Bf5 6. Ne5 Nbd7 7. Nxc4 e6 8. f3 Bb4
9. g3 h6 10. e4 Bh7 11. Be3 c5 12. Nd6+ Ke7 13. Nxb7 Qb6 14. Nxc5 Nxc5 15. dxc5 Bxc5
16. a5 Qc7 17. Nb5 Bb4+ 18. Bd2 Qc5 19. Rc1 Qe3+ 20. Be2 Qxd2+ 21. Qxd2 Bxd2+ 22.
Kxd2 Rhd8+ 23. Ke3 a6 24. Nc7 Rab8 25. Nxa6 Rxb2 26. Nc5 g5 27. Rhd1 Rdb8 28. a6
g4 29. Ra1 Rc2 30. Rdc1 Rxc1 31. Rxc1 Kd6 32. Nb7+ Kd7 33. Bb5+ Ke7 34. Rc7+ Kf8
35. a7 Ra8 36. Nd6 gxf3 37. Kxf3 h5 38. Bc6  1-0

[Event "British Chess Championships 2023: U12 Championship"]
[Site "The Venue, De Montfort University, 20 Western Boulevard, Leicester, LE2 7BU"]
[Date "2023.07.28"]
[Round "6"]
[Board "3"]
[White "Pereslavtsev, Alexandr"]
[Black "Yu, Rock"]
[Result "1/2-1/2"]
[WhiteElo "1555"]
[BlackElo "1658"]
[PlyCount "0"]
[EventDate "2023.07.25"]
[EventRounds "7"]
[EventCountry "ENG"]

1. d4 e6 2. c4 Nf6 3. Nf3 b6 4. g3 Bb7 5. Bg2 Bb4+ 6. Bd2 Bxd2+ 7. Qxd2 O-O 8. Nc3
d5 9. cxd5 Nxd5 10. O-O Nd7 11. e3 Nxc3 12. Qxc3 c5 13. Rfd1 Qe7 14. Rac1 Rfd8 15.
Rd2 Rac8 16. Rcd1 c4 17. Qc2 b5 18. Ng5 Nf6 19. Ne4 Bxe4 20. Bxe4 Rd6 21. d5 Rcd8
22. Rd4 exd5 23. Bg2 h6 24. Qd2 R6d7 25. Qa5 Qc5 26. a4 Rb8 27. e4 Re7 28. exd5 Ne8
29. d6 Rd7 30. Rd5 Qb6 31. Rxb5 Qxa5 32. Rxa5 Rxb2 33. Rc5 Rxd6 34. Re1 Nf6 35. Rc8+
Kh7 36. Rxc4 Rdd2 37. Rf1 Rd7 38. Bh3 Re7 39. Rc6 Nd5 40. Rd1 Nb4 41. Rc8 g6 42.
Rd7 Rxd7 43. Bxd7 Nd3 44. f4 Rb7 45. Bb5 Nb4 46. Rc4 Nd5 47. Rd4 Nf6 48. Rd6 Kg7
49. Kg2 h5 50. Kf3 Re7 51. Bc6 Rc7 52. h3 Re7 53. g4 hxg4+ 54. hxg4 Rc7 55. g5 Ng8
56. Bb5 f6 57. Rd7+ Rxd7 58. Bxd7 Kf7 59. Bb5 Ne7 60. Bc4+ Kg7 61. Ke4 Nf5 62. Bb5
fxg5 63. fxg5 Kf8 64. Ke5 Ke7 65. Bd3 Nd6 66. Bxg6 Nc4+ 67. Kd4 Nb6 68. Bc2 Kf7 69.
Kc5 Nxa4+ 70. Bxa4 Kg6  1/2-1/2

[Event "British Chess Championships 2023: U12 Championship"]
[Site "The Venue, De Montfort University, 20 Western Boulevard, Leicester, LE2 7BU"]
[Date "2023.07.28"]
[Round "6"]
[Board "4"]
[White "Vaidyanathan, Adithya"]
[Black "Walia, Shulin"]
[Result "1-0"]
[WhiteElo "1559"]
[BlackElo "1825"]
[PlyCount "0"]
[EventDate "2023.07.25"]
[EventRounds "7"]
[EventCountry "ENG"]

1. Nf3 d5 2. d4 Nf6 3. c4 e6 4. Nc3 Be7 5. Bg5 h6 6. Bh4 O-O 7. cxd5 exd5 8. e3 Nbd7
9. Bd3 b6 10. O-O Bb7 11. Rc1 c5 12. Bg3 Nh5 13. Ne2 g6 14. h3 Nxg3 15. Nxg3 Nf6
16. dxc5 bxc5 17. Ne5 c4 18. Bb1 Bd6 19. Ng4 Bxg3 20. fxg3 Nxg4 21. Qxg4 Kg7 22.
Rf2 Qb6 23. Rcf1 Qxe3 24. Qd7 Bc8 25. Qxd5 Be6 26. Qf3 Qxf3 27. Rxf3 Rab8 28. R1f2
Rfd8 29. Kh2 Rd1 30. Be4 Ra1 31. Ra3 f5 32. Rxa7+ Kg8 33. Re7 fxe4 34. Rxe6 Rxa2
35. Rxg6+ Kh7 36. Rc6 e3 37. Re2 Rbxb2 38. Rxb2 Rxb2 39. Rxc4 e2 40. Re4 h5 41. g4
hxg4 42. hxg4 Rb4 43. Re7+ Kg6 44. Kg3 Kg5 45. Re5+ Kf6 46. Rxe2 Rb6 47. Kh4 Kg6
48. Re8 Ra6 49. Rg8+ Kh7 50. Rg5 Kh6 51. Rd5 Kg6 52. g3 Rb6 53. Rd4 Ra6 54. g5 Ra7
55. Rd6+ Kg7 56. Kh5 Rb7 57. g4 Ra7 58. Rd5 Rb7 59. g6 Rb8 60. Rd7+ Kg8 61. Kh6 Ra8
62. g5 Rb8 63. Rd6 Ra8 64. g7 Rb8 65. Rf6 Ra8 66. Rf8+  1-0

[Event "British Chess Championships 2023: U12 Championship"]
[Site "The Venue, De Montfort University, 20 Western Boulevard, Leicester, LE2 7BU"]
[Date "2023.07.28"]
[Round "6"]
[Board "5"]
[White "Gunarathne, Senith"]
[Black "Marsden, Rupert"]
[Result "1-0"]
[WhiteElo "1460"]
[BlackElo "1670"]
[PlyCount "0"]
[EventDate "2023.07.25"]
[EventRounds "7"]
[EventCountry "ENG"]

1. e4 e6 2. d4 d5 3. exd5 exd5 4. c4 Nf6 5. Nc3 Be6 6. Nf3 c6 7. c5 Be7 8. Bd3 b6
9. cxb6 axb6 10. O-O O-O 11. Bf4 c5 12. Qc2 Nc6 13. Be5 Nb4 14. Qb1 Nxd3 15. Qxd3
c4 16. Qc2 Bd6 17. Ng5 g6 18. f4 Bxe5 19. fxe5 Nd7 20. Nxe6 fxe6 21. Rxf8+ Qxf8 22.
Rf1 Qb4 23. a3 Qe7 24. Nb5 Rf8 25. Rxf8+ Qxf8 26. Qf2 Nb8 27. Qh4 Nc6 28. Qg4 Qf5
29. Qxf5 gxf5 30. Kf2 Kf7 31. Ke3 Kg6 32. Nd6 f4+ 33. Kxf4 Nxd4 34. Nc8 b5 35. Nd6
h5 36. h4 Nf5 37. Nxf5 exf5 38. Ke3 Kf7 39. Kd4 Ke6 40. g3 Ke7 41. Kxd5 Kd7 42. e6+
Ke7 43. Ke5 Ke8 44. Kxf5 Ke7 45. Ke5 Ke8 46. Kf6 Kf8 47. g4 hxg4 48. h5 g3 49. h6
g2 50. h7  1-0

[Event "British Chess Championships 2023: U12 Championship"]
[Site "The Venue, De Montfort University, 20 Western Boulevard, Leicester, LE2 7BU"]
[Date "2023.07.28"]
[Round "6"]
[Board "6"]
[White "Sefton, Adam"]
[Black "Kilambi, Venkata Ananth Akshay"]
[Result "0-1"]
[WhiteElo "1685"]
[BlackElo "1533"]
[PlyCount "0"]
[EventDate "2023.07.25"]
[EventRounds "7"]
[EventCountry "ENG"]

1. e4 c6 2. d4 d5 3. Nc3 dxe4 4. Nxe4 Nf6 5. Nxf6+ exf6 6. c3 Bd6 7. Bd3 O-O 8. Qc2
Re8+ 9. Ne2 h5 10. O-O h4 11. h3 Qc7 12. c4 Be6 13. c5 Be7 14. Bf4 Qd7 15. b4 Na6
16. Bxa6 bxa6 17. Rfd1 g5 18. Bh2 f5 19. Qd3 Qb7 20. Rab1 Qb5 21. Nc3 Qxd3 22. Rxd3
f4 23. Re1 Rad8 24. a3 Bf5 25. Rd2 Bf6 26. Rxe8+ Rxe8 27. Kf1 Be6 28. Ke2 Bxh3+ 29.
Kf3 Be6 30. a4 Rd8 31. Ke4 Bg7 32. Ne2 f5+ 33. Kd3 Bb3 34. a5 Ba4 35. Kc3 Bb5 36.
Nc1 Re8 37. Rd1 Rd8 38. f3 Re8 39. Bg1 g4 40. Bf2 Bf6 41. Kb3 Kf7 42. Kc3 Be2 43.
Re1 gxf3 44. Kd2 Re4 45. Nxe2 fxe2 46. Rxe2 Ke6 47. Kd3 Kd5 48. Bg1 Bxd4 49. Bxd4
Rxd4+ 50. Kc3 Re4 51. Rd2+ Ke5 52. Rd6 Re3+ 53. Kc4 Rg3 54. Rd2 f3 55. gxf3 Rxf3
56. Rd6 h3 57. Rxc6 Rf4+ 58. Kb3 Rh4 59. Rd6 h2 60. Rd1 h1=Q 61. Rxh1 Rxh1  0-1

[Event "British Chess Championships 2023: U12 Championship"]
[Site "The Venue, De Montfort University, 20 Western Boulevard, Leicester, LE2 7BU"]
[Date "2023.07.28"]
[Round "6"]
[Board "7"]
[White "Gill, Veer"]
[Black "De Silva, Sithun"]
[Result "0-1"]
[WhiteElo "1443"]
[BlackElo "1664"]
[PlyCount "0"]
[EventDate "2023.07.25"]
[EventRounds "7"]
[EventCountry "ENG"]

1. e4 e6 2. c4 d5 3. cxd5 exd5 4. exd5 Nf6 5. Nc3 Nxd5 6. Nf3 Nc6 7. Bc4 Be6 8. Bb3
Bb4 9. Nxd5 Bxd5 10. Qe2+ Be7 11. Bc2 Bxf3 12. Qxf3 Nd4 13. Qe4 Nxc2+ 14. Qxc2 Qd7
15. O-O O-O-O 16. b3 Bf6 17. Rb1 Rhe8 18. Rd1 Kb8 19. Bb2 Bxb2 20. Qxb2 g6 21. Qc3
Re2 22. Rbc1 c6 23. Rc2 Qf5 24. Qg3+ Ka8 25. Rb2 Rd3 26. f3 Qf6 27. Qh3 a6 28. Rc2
Qd4+ 29. Kh1 Rexd2 30. Rdxd2 Qa1+  0-1

[Event "British Chess Championships 2023: U12 Championship"]
[Site "The Venue, De Montfort University, 20 Western Boulevard, Leicester, LE2 7BU"]
[Date "2023.07.28"]
[Round "6"]
[Board "8"]
[White "Hariharan, Shambavi"]
[Black "Ward, Cian"]
[Result "0-1"]
[WhiteElo "1615"]
[BlackElo "1630"]
[PlyCount "0"]
[EventDate "2023.07.25"]
[EventRounds "7"]
[EventCountry "ENG"]

1. d4 e6 2. c4 Nf6 3. Nf3 Bb4+ 4. Bd2 Qe7 5. g3 b6 6. Bg2 Bb7 7. O-O O-O 8. a3 Bxd2
9. Nbxd2 d5 10. Qc2 c6 11. Ne5 Rc8 12. e4 Nbd7 13. Nxd7 Nxd7 14. Qb3 dxc4 15. Nxc4
Ba6 16. Rfc1 Bxc4 17. Qxc4 c5 18. d5 Ne5 19. Qc3 exd5 20. exd5 Qd6 21. Re1 Re8 22.
f4 Nd7 23. Rxe8+ Rxe8 24. Re1 Rxe1+ 25. Qxe1 Kf8 26. Qe2 a5 27. Qd3 g6 28. a4 Qf6
29. Bh3 Ke7 30. Qe4+ Kd8 31. Bxd7 Kxd7 32. Qe5 Qf5 33. Kf2 Qc2+ 34. Kg1 Qxa4 35.
Qb8 Qd4+ 36. Kf1 Qd1+ 37. Kf2 Qd2+ 38. Kf1 Qxd5 39. Qxb6 Qh1+ 40. Kf2 Qxh2+ 41. Kf3
Qh5+ 42. Kf2 Qd5 43. Qxa5 Qd4+ 44. Kf3 Qxb2 45. Qxc5 Qb3+ 46. Kg2 Qb7+ 47. Kf2 Qb2+
48. Kf3 Ke6 49. Qc8+ Ke7 50. Qc5+ Kf6 51. Qf8 Qb3+ 52. Kf2 h5 53. Qh8+ Ke7 54. Qe5+
Qe6 55. Qc7+ Kf8 56. Qd8+ Kg7 57. Qd4+ Qf6 58. Qd7 h4 59. Qg4 Qb2+ 60. Kf1 Qc1+ 61.
Ke2 Qc2+ 62. Kf1 Qd3+ 63. Kg2 Qxg3+ 64. Qxg3 hxg3 65. Kxg3 f6 66. Kg4 Kf7 67. f5
g5 68. Kg3 Ke7 69. Kf3 Kd6 70. Ke4 Kc5 71. Ke3 Kd5 72. Kf3 Ke5 73. Kg4 Ke4 74. Kg3
Kxf5 75. Kf3 g4+ 76. Kg3 Kg5 77. Kf2 Kf4 78. Kg2 g3 79. Kg1 Kf3 80. Kf1 g2+ 81. Kg1
f5  0-1

[Event "British Chess Championships 2023: U12 Championship"]
[Site "The Venue, De Montfort University, 20 Western Boulevard, Leicester, LE2 7BU"]
[Date "2023.07.28"]
[Round "6"]
[Board "9"]
[White "Puthanveettil, Joshua"]
[Black "Nguyen, Anh"]
[Result "0-1"]
[WhiteElo "1419"]
[BlackElo "1664"]
[PlyCount "0"]
[EventDate "2023.07.25"]
[EventRounds "7"]
[EventCountry "ENG"]

1. e4 c5 2. Nc3 a6 3. Nf3 d6 4. a4 Nf6 5. Bc4 Bg4 6. h3 Bh5 7. d3 Nc6 8. Be3 e6 9.
d4 cxd4 10. Bxd4 Bxf3 11. gxf3 Rc8 12. Be3 Be7 13. Qd2 Ne5 14. Be2 O-O 15. Rd1 Qc7
16. Bf4 Rfd8 17. Bxe5 dxe5 18. Qe3 Rxd1+ 19. Kxd1 Qc5 20. Bd3 Nd7 21. Kc1 h6 22.
Rd1 Bg5 23. Qxg5 hxg5 24. Bxa6 bxa6 25. Rxd7 Qxf2 26. Rd3 Qf1+ 27. Nd1 Qg2  0-1

[Event "British Chess Championships 2023: U12 Championship"]
[Site "The Venue, De Montfort University, 20 Western Boulevard, Leicester, LE2 7BU"]
[Date "2023.07.28"]
[Round "6"]
[Board "10"]
[White "Ashton, Alannah"]
[Black "Pai, Sidhanth"]
[Result "1-0"]
[WhiteElo "1497"]
[BlackElo "1438"]
[PlyCount "0"]
[EventDate "2023.07.25"]
[EventRounds "7"]
[EventCountry "ENG"]

1. e4 e5 2. Nf3 Nc6 3. Bb5 a6 4. Ba4 Nf6 5. O-O b5 6. Bb3 Bc5 7. c3 d6 8. a4 b4 9.
a5 O-O 10. d4 exd4 11. cxd4 Ba7 12. h3 h6 13. Be3 Re8 14. Nbd2 Bd7 15. Qc2 Re7 16.
Ba4 Qe8 17. Rfc1 Nd8 18. Bxd7 Qxd7 19. Nh4 Rc8 20. Nf5 Re8 21. Qa4 Qxa4 22. Rxa4
Nxe4 23. Nxe4 Rxe4 24. Nxd6 cxd6 25. Rxc8 Re8 26. Rxb4 Kh7 27. d5 Bxe3 28. fxe3 Rg8
29. Rbb8 f5 30. Rxd8 Rxd8 31. Rxd8 g5 32. Rd7+ Kg6 33. Rxd6+ Kh5 34. Rxa6 f4 35.
exf4 g4 36. hxg4+ Kh4 37. d6 h5 38. d7 Kg3 39. d8=Q h4 40. Qd3+ Kxg4 41. Rg6+  1-0

[Event "British Chess Championships 2023: U12 Championship"]
[Site "The Venue, De Montfort University, 20 Western Boulevard, Leicester, LE2 7BU"]
[Date "2023.07.28"]
[Round "6"]
[Board "11"]
[White "Richmond, Frank"]
[Black "Lee, Yuk Hei"]
[Result "1-0"]
[WhiteElo "1708"]
[BlackElo "1390"]
[PlyCount "0"]
[EventDate "2023.07.25"]
[EventRounds "7"]
[EventCountry "ENG"]

1. e4 e5 2. Nc3 Nf6 3. f4 d5 4. fxe5 Nxe4 5. Nf3 Bc5 6. d4 Bb4 7. Bd2 c5 8. a3 Ba5
9. Qe2 Bxc3 10. bxc3 O-O 11. Qe3 Bf5 12. Bd3 Bg6 13. O-O Nc6 14. Bxe4 Bxe4 15. Rab1
Qc7 16. Rfc1 Rfe8 17. Ng5 Bg6 18. Qf2 h6 19. Nh3 Ne7 20. Nf4 Bf5 21. Nxd5 Nxd5 22.
Qxf5 Ne7 23. Qg4 Ng6 24. Re1 Qc6 25. Qe4 Qxe4 26. Rxe4 cxd4 27. cxd4 b6 28. Rbe1
Rad8 29. c4 Kh7 30. Kf2 Nf8 31. d5 b5 32. Ba5 Rd7 33. d6 bxc4 34. Rxc4 f6 35. exf6
Rxe1 36. Kxe1 Rxd6 37. fxg7 Kxg7 38. Rc7+ Rd7 39. Rxd7+ Nxd7 40. Kd2 Kf7 41. Kc3
Ke6 42. Kb4 a6 43. Bd8 Kd6 44. Ka5 Nb8 45. Bh4 Kc5 46. Bg3 Nc6+ 47. Kxa6 Kc4 48.
Kb6 Nd4 49. a4 Nb3 50. a5 Nxa5 51. Kxa5 Kd3 52. Bf4 h5 53. h3 Ke4 54. Bh2 Ke3 55.
g4 hxg4 56. hxg4 Ke4 57. Kb4 Kd5 58. Bf4 Ke6 59. g5 Kf5 60. Kc4 Kg6 61. Kd4 Kh5 62.
Ke5 Kg6 63. Ke6 Kg7 64. Kf5 Kf7 65. g6+ Kg8 66. Kf6 Kf8 67. g7+ Kg8 68. Bb8 Kh7 69.
Kf7  1-0

[Event "British Chess Championships 2023: U12 Championship"]
[Site "The Venue, De Montfort University, 20 Western Boulevard, Leicester, LE2 7BU"]
[Date "2023.07.28"]
[Round "6"]
[Board "12"]
[White "Patel, Diah"]
[Black "Catabay, Rezin C"]
[Result "0-1"]
[WhiteElo "1211"]
[BlackElo "1579"]
[PlyCount "0"]
[EventDate "2023.07.25"]
[EventRounds "7"]
[EventCountry "ENG"]

1. e4 e5 2. Nf3 Nf6 3. Nxe5 d6 4. Nf3 Nxe4 5. d3 Nf6 6. g3 Be7 7. Bg2 O-O 8. O-O
d5 9. Nc3 c6 10. h3 Nbd7 11. Be3 c5 12. Bg5 h6 13. Bxf6 Nxf6 14. d4 Be6 15. dxc5
Bxc5 16. Nd4 Qb6 17. Na4 Qa5 18. Nb3 Bxf2+ 19. Rxf2 Qxa4 20. Nc5 Qb5 21. Nb3 Rac8
22. Qd2 Qd7 23. Rxf6 gxf6 24. Qxh6 Bf5 25. Rf1 Bg6 26. Bf3 Rxc2 27. Bg4 Qd6 28. Qh4
Qe5 29. Qxf6 Qxg3+ 30. Kh1 Rh2#  0-1

[Event "British Chess Championships 2023: U12 Championship"]
[Site "The Venue, De Montfort University, 20 Western Boulevard, Leicester, LE2 7BU"]
[Date "2023.07.28"]
[Round "6"]
[Board "13"]
[White "Kendall, Arthur"]
[Black "Bates, Hubert"]
[Result "1-0"]
[WhiteElo "1438"]
[BlackElo "1368"]
[PlyCount "0"]
[EventDate "2023.07.25"]
[EventRounds "7"]
[EventCountry "ENG"]

1. e4 c5 2. Nf3 d6 3. d4 cxd4 4. Nxd4 Nf6 5. Nc3 a6 6. f3 e5 7. Nb3 Be7 8. Be3 Be6
9. Na4 Nbd7 10. c4 Rc8 11. Rc1 b6 12. Bd3 O-O 13. Qe2 Nc5 14. Nbxc5 dxc5 15. Nc3
h6 16. a4 Nh5 17. Kf2 Bh4+ 18. g3 Nf4 19. Bxf4 exf4 20. e5 Bh3 21. Qe4 g6 22. gxh4
Bf5 23. Qxf4 Bxd3 24. Rhd1 Qd4+ 25. Qxd4 cxd4 26. Rxd3 dxc3 27. Rcxc3 Rc5 28. Rd5
Rc6 29. Ke3 f6 30. Rd6 Rxd6 31. exd6 Rd8 32. Rd3 Kf7 33. Ke4 Ke6 34. d7 f5+ 35. Kf4
a5 36. h3 Ke7 37. Ke5 g5 38. hxg5 hxg5 39. Kxf5 Rf8+ 40. Kxg5 Rg8+ 41. Kf4 Rf8+ 42.
Kg3 Rg8+ 43. Kf2 Kd8 44. f4 Rf8 45. Kf3 Rh8 46. Ke4 Rh6 47. f5 b5 48. axb5 a4 49.
Ke5 a3 50. bxa3 Rh4 51. c5 Ra4 52. c6 Ra8 53. b6 Ra5+ 54. Ke4 Ra4+ 55. Rd4 Rxa3 56.
c7+ Ke7 57. d8=Q+  1-0

[Event "British Chess Championships 2023: U12 Championship"]
[Site "The Venue, De Montfort University, 20 Western Boulevard, Leicester, LE2 7BU"]
[Date "2023.07.28"]
[Round "6"]
[Board "14"]
[White "Burnside, Aidan"]
[Black "Lukhi, Neev"]
[Result "0-1"]
[WhiteElo "1345"]
[BlackElo "1588"]
[PlyCount "0"]
[EventDate "2023.07.25"]
[EventRounds "7"]
[EventCountry "ENG"]

1. e4 e6 2. d4 d5 3. Nd2 dxe4 4. Nxe4 Nd7 5. Nf3 Ngf6 6. Bd3 Nxe4 7. Bxe4 Nf6 8.
Bd3 Be7 9. Bf4 O-O 10. Qd2 Nd5 11. Bg5 Bxg5 12. Nxg5 h6 13. Nf3 Qf6 14. O-O-O Qf4
15. Qxf4 Nxf4 16. g3 Nxd3+ 17. Rxd3 b6 18. Ne5 Bb7 19. Rhd1 Rfd8 20. c4 f6 21. Ng4
Be4 22. Rc3 Rd7 23. f3 Bb7 24. c5 Bd5 25. c6 Rd6 26. Kc2 Rxc6 27. Rxc6 Bxc6 28. Rf1
Rd8 29. Kc3 Kf7 30. f4 Bb7 31. Ne3 Rd6 32. g4 Ba6 33. Rf2 c5 34. dxc5 Rd3+ 35. Kc2
Rxe3 36. Rd2 Re2 37. Rxe2 Bxe2 38. cxb6 axb6 39. Kc3 Bxg4 40. Kb4 Be2 41. h4 g5 42.
fxg5 fxg5 43. h5 g4 44. Ka4 g3 45. b4 g2 46. b5 g1=Q 47. a3 Bd1+  0-1

[Event "British Chess Championships 2023: U12 Championship"]
[Site "The Venue, De Montfort University, 20 Western Boulevard, Leicester, LE2 7BU"]
[Date "2023.07.28"]
[Round "6"]
[Board "15"]
[White "Singh, Avyanna"]
[Black "Beattie, Conor"]
[Result "0-1"]
[WhiteElo "1246"]
[BlackElo "1570"]
[PlyCount "102"]
[EventDate "2023.07.25"]
[EventRounds "7"]
[EventCountry "ENG"]

1. e4 d5 2. exd5 Nf6 3. d4 Bg4 4. Be2 Bxe2 5. Nxe2 Qxd5 6. O-O Nc6 7. Nbc3 Qh5 8.
Bf4 O-O-O 9. h3 e5 10. Be3 Bc5 11. d5 Bxe3 12. fxe3 Ne7 13. e4 c6 14. Qe1 cxd5 15.
Nb5 Nc6 16. Ng3 Qg6 17. Nf5 Kb8 18. Qc3 Nxe4 19. Qe3 a6 20. Nc3 Nd6 21. Nh4 Qe6 22.
Qf3 e4 23. Qf2 g6 24. Na4 f5 25. g3 Ne5 26. Nc5 Qf7 27. Qd4 Nd7 28. Nb3 Nb5 29. Qb4
Qf8 30. Qd2 Ne5 31. a4 Nc7 32. Qf4 Qd6 33. Nd4 Ne6 34. Nxe6 Qxe6 35. Rfe1 Ka8 36.
b4 Rc8 37. Rac1 Qf6 38. a5 Rc4 39. Qf2 Rhc8 40. b5 Nd3 41. Qe2 Nxe1 42. Qxe1 Qd4+
43. Kh1 Rxc2 44. Rxc2 Rxc2 45. bxa6 bxa6 46. Qf1 Qc4 47. Qf4 Rc1+ 48. Kh2 Qe2+ 49.
Ng2 Rc2 50. Qf1 Qxf1 51. h4 Qxg2#  0-1